Foundation of general organic and biochemistry (Record no. 3805)
[ view plain ]
| 000 -LEADER | |
|---|---|
| fixed length control field | 00418nam a22001457a 4500 |
| 008 - FIXED-LENGTH DATA ELEMENTS--GENERAL INFORMATION | |
| fixed length control field | 250605b |||||||| |||| 00| 0 eng d |
| 020 ## - INTERNATIONAL STANDARD BOOK NUMBER | |
| ISBN | 9781259025938 |
| 100 ## - MAIN ENTRY--AUTHOR | |
| Author | Deniston Katherine J |
| 245 ## - TITLE STATEMENT | |
| Title | Foundation of general organic and biochemistry |
| 260 ## - PUBLICATION, DISTRIBUTION, ETC. (IMPRINT) | |
| Place of publication | New York |
| Name of publisher | McGraw Hill Education |
| 300 ## - COLLATION | |
| Pagination | 597p |
| 650 ## - TRACINGS | |
| Main Subject | chemistry |
| Subdivision (1st) | organic chemistry |
| Subdivision (2nd) | Biochemistry |
| 942 ## - ADDED ENTRY ELEMENTS (KOHA) | |
| Item type | Books |
| 050 ## - LIBRARY OF CONGRESS CALL NUMBER | |
| Classification number | QD 31.3 |
| Item number | .D46 |
| Source of classification or shelving scheme | Not for loan | Permanent location | Current location | Date acquired | Accession No. | Full call number | Barcode. | Koha item type |
|---|---|---|---|---|---|---|---|---|
| Library of Congress Classification | Samuel Ogbemudia Main Library, University of Abuja | Samuel Ogbemudia Main Library, University of Abuja | 06/05/2025 | 2024/62299 | QD 31.3 .D46 | 2025-2419 | Books |